| 000 | 00838pam a2200301 a 4500 | ||
|---|---|---|---|
| 999 |
_c1764 _d1764 |
||
| 001 | 016063404 | ||
| 003 | Uk | ||
| 005 | 20230127080343.0 | ||
| 008 | 120327s2013 enka j 000|1 eng|d | ||
| 015 |
_aGBB234080 _2bnb |
||
| 016 | 7 |
_a016063404 _2Uk |
|
| 020 | _a9781847152435 (pbk.) : | ||
| 040 |
_aStDuBDS _beng _cStDuBDS _dUk _dKH8 |
||
| 042 | _aukblcatcopy | ||
| 082 | 0 | 4 |
_a823.92 JON _223 |
| 100 | 1 |
_aJones, Gareth P. _eauthor |
|
| 245 | 1 | 4 |
_aThe ultimate dragon warrior / _cGareth P. Jones. |
| 260 |
_aLondon : _bStripes, _c2013. |
||
| 300 |
_a108 p. : _bill. ; _c20 cm. |
||
| 336 |
_atext _2rdacontent |
||
| 337 |
_aunmediated _2rdamedia |
||
| 338 |
_avolume _2rdacarrier |
||
| 490 | 0 |
_aNinja meerkats ; _v7 |
|
| 500 |
_aFormerly CIP. _5Uk |
||
| 655 | 0 | _aAdventure stories. | |
| 655 | 0 | _aChildren's stories. | |
| 942 |
_2ddc _cNFIC |
||